Database systems: design, implementation and management / (Record no. 6970)
[ view plain ]
| 000 -LEADER | |
|---|---|
| fixed length control field | 00614nam a2200205 4500 |
| 020 ## - INTERNATIONAL STANDARD BOOK NUMBER | |
| ISBN | 9781844807321 |
| 050 ## - CALL NUMBER | |
| Classification number | QA76.9.D26 |
| Item number | .R54 |
| 100 ## - AUTHOR | |
| Personal name | Rob, Peter |
| 245 ## - TITLE | |
| Title | Database systems: design, implementation and management / |
| Statement of responsibility, etc | Rob, Peter; Coronel, Carlos; Morris, Steven; Rob, Peter |
| 250 ## - EDITION | |
| Edition statement | International edition |
| 260 ## - PUBLICATION INFORMATION | |
| Place of publication | Hampshire, UK |
| Name of publisher | Cengage Learning |
| Year of publication | 2008 |
| 300 ## - DESCRIPTION | |
| Number of Pages | 808p. |
| Other physical details | ill. |
| 500 ## - NOTES | |
| General note | Includes index |
| 650 ## - SUBJECTS | |
| Topical Term | Database design. |
| 650 ## - SUBJECTS | |
| Topical Term | Database management. |
| 650 ## - SUBJECTS | |
| Topical Term | Database security. |
| 700 ## - OTHER AUTHORS | |
| Personal name | Coronel, Carlos |
| 710 ## - OTHER AUTHORS | |
| OTHER AUTHORS | Crockett, Keeley |
| 942 ## - ADDED ENTRY ELEMENTS (KOHA) | |
| Koha item type | Books |
| Withdrawn status | Lost status | Collection code | Home library | Current library | Shelving location | Date acquired | Source of acquisition | Full call number | Accession Number | Koha item type |
|---|---|---|---|---|---|---|---|---|---|---|
| Reference | Methodist University Library Main | Methodist University Library Main | General Stacks | 04/12/2019 | EPP | QA76.9.D26 .R54 | 8265 | Books | ||
| Reference | Methodist University Library Main | Methodist University Library Main | General Stacks | 04/12/2019 | EPP | QA76.9.D26 .R54 | 8266 | Books |